Представление документа в формате RUSMARC

ПолеНазваниеЗначение
  Тип записи a
  Библиографический уровень c
001 Контрольный номер RU/IS/BASE/327162153
005 Дата корректировки 20231215113008.1
010 Индекс ISBN __
a ISBN 978-5-08-004469-4
d Цена 106-17
b Уточнения в пер.
9 Тираж 5000 экз.
100 Данные общей обработки __
a Данные общей обработки 20230221d2009 d y0rusy028902 ca
101 Язык документа 0_
a Язык текста rus
102 Страна публикации __
a Страна публикации RU
105 Кодированные данные (монография) __
a Кодированные данные (монография) ac z 000ay
181 Поле кодированных данных: вид содержания _0
a Код вида содержания (ISBD) i
182 Поле кодированных данных: тип средства _0
a Код типа средства (ISBD) n
200 Заглавие и сведения об ответственности 1_
a Заглавие Третий в пятом ряду
e Сведения, относящиеся к заглавию повести : для старшего школьного возраста
f Первые сведения об ответственности Анатолий Алексин ; вступительная статья В. Воронова ; художник Е. Медведев
203 Вид содержания и тип средства __
a Вид содержания Текст
c Тип средства непосредственный
210 Выходные данные 1_
a Место издания Москва
c Издательство Детская литература
d Дата издания 2009
215 Физическое описание __
a Объем 350, [2] с.
c Иллюстрации/тип воспроизводства ил., портр.
d Формат 21 см
225 Серия 2_
a Серия Школьная библиотека
330 Аннотация __
a Аннотация В книгу вошли повести "Поздний ребенок", "Мой брат играет на кларнете", "А тем временем где-то...", "Третий в пятом ряду", "Безумная Евдокия", "Сердечная недостаточность", "Домашний совет".
333 Примечание о целевом назначении __
a Примечание о целевом назначении 12+. Для детей старше 12 лет
464 Аналитический уровень _0
1 2001
a Поздний ребенок
464 Аналитический уровень _0
1 2001
a Мой брат играет на кларнете : из дневника девчонки
464 Аналитический уровень _0
1 2001
a А тем временем где-то
464 Аналитический уровень _0
1 2001
a Безумная Евдокия
464 Аналитический уровень _0
1 2001
a Сердечная недостаточность
464 Аналитический уровень _0
1 2001
a Домашний совет
600 Персоналии _1
a Персоналии (Фамилия) Алексин
g Полное имя Анатолий Георгиевич
2 Код системы nlr_sh
b Персоналии (Имя) А. Г.
f Даты 1924-2017
606 Тематические рубрики __
a Основная рубрика Художественная литература
z Хронологическая подрубрика 20 в.
y Географическая подрубрика Россия
y Географическая подрубрика СССР
2 Код системы nlr_sh
606 Тематические рубрики __
a Основная рубрика Русская литература XX в. (произведения)
2 Код системы nlr_sh
610 Ключевые слова 0_
a Ключевые слова детская литература
610 Ключевые слова 0_
a Ключевые слова повести
610 Ключевые слова 0_
a Ключевые слова тема детства
610 Ключевые слова 0_
a Ключевые слова тема приключений
610 Ключевые слова 0_
a Ключевые слова прозаики
610 Ключевые слова 0_
a Ключевые слова писатели
610 Ключевые слова 0_
a Ключевые слова творческая деятельность
610 Ключевые слова 0_
a Ключевые слова персоналии
610 Ключевые слова 0_
a Ключевые слова тема выбора
610 Ключевые слова 0_
a Ключевые слова тема ответственности
686 Индексы других классификаций __
a Классификационный индекс 84(2=411.2)6-4; ст84(2=411.2)6-4
2 Код системы rubbks
700 Автор _1
a Фамилия Алексин
b Имя А. Г.
g Полное личное имя Анатолий Георгиевич
4 Код отношения 070
f Даты 1924-2017
702 Вторичная интеллектуальная ответственность _1
a Фамилия Воронов
b Имя В. И.
4 Код отношения 080
g Полное личное имя Владимир Ильич
702 Вторичная интеллектуальная ответственность _1
a Фамилия Медведев
b Имя Е. А.
f Даты 1934-
g Полное личное имя Евгений Алексеевич
801 Источник записи _0
a Страна RU
b Организация Муниципальное бюджетное учреждение культуры "Централизованная библиотечная система" г. Сургут (Центральная городская библиотека им. А. С. Пушкина)
g Правила каталогизации PSBO
c Дата составления 20100519
801 Источник записи _1
a Страна RU
b Организация Муниципальное бюджетное учреждение культуры "Централизованная библиотечная система" г. Сургут (Центральная городская библиотека им. А. С. Пушкина)
g Правила каталогизации PSBO
c Дата составления 20100519
852 Данные о местонахождении __
j Шифр хранения 84(2=411.2)6-4
i Авторский знак А 48
900 Макрообъекты __
a Макрообъекты Третий в пятом ряду. Алексин, А, 2009
901 Тип документа __
a Ответственный КиК/Лукашук; ООФиК/Волкова
t Тип документа x
903 Характеристики (МАРС) __
a Дата передачи 20230221; 20100519
c Наименование библиотеки (МАРС) Муниципальное бюджетное учреждение культуры "Централизованная библиотечная система" г. Сургут (Центральная городская библиотека им. А. С. Пушкина)
969 Тип издания __
a Тип издания издание для детей
a Тип издания издание для подростков
990 Данные о заказе (DOS) __
j Количество экземпляров (DOS) 1; 9
t N записи в КСУ для И/У (DOS) 202303; 201006